Values and Ethics in Business and Profession (Record no. 11646)

MARC details
000 -LEADER
fixed length control field 00437nam a22001817a 4500
003 - CONTROL NUMBER IDENTIFIER
control field OSt
008 - FIXED-LENGTH DATA ELEMENTS--GENERAL INFORMATION
fixed length control field 230102b ||||| |||| 00| 0 eng d
020 ## - INTERNATIONAL STANDARD BOOK NUMBER
International Standard Book Number 9788120340985
082 ## - DEWEY DECIMAL CLASSIFICATION NUMBER
Classification number 174.4 MAV
100 ## - MAIN ENTRY--PERSONAL NAME
Personal name MANNA,Samita
245 ## - TITLE STATEMENT
Title Values and Ethics in Business and Profession
250 ## - EDITION STATEMENT
Edition statement Ed
260 ## - PUBLICATION, DISTRIBUTION, ETC. (IMPRINT)
Place of publication, distribution, etc New Delhi
Name of publisher, distributor, etc PHI
Date of publication, distribution, etc 2022
300 ## - PHYSICAL DESCRIPTION
Extent 188
650 ## - SUBJECT ADDED ENTRY--TOPICAL TERM
Topical term or geographic name as entry element General Book
700 ## - ADDED ENTRY--PERSONAL NAME
Personal name CHAKRABORTI,Suparna
942 ## - ADDED ENTRY ELEMENTS (KOHA)
Source of classification or shelving scheme Dewey Decimal Classification
Koha item type Reference Books
Holdings
Withdrawn status Lost status Source of classification or shelving scheme Damaged status Not for loan Collection code Home library Current library Date acquired Source of acquisition Currency Cost, normal purchase price Bill Number Total Checkouts Full call number Acc. no. / Barcode Date last seen Actual Cost, discounted price Bill Date Koha item type
    Dewey Decimal Classification     MBA PIET C-LIBRARY PIET C-LIBRARY 06/12/2022 Kirti Praskshan IN Rupees 395.00 IN1577   174.4 MAV 34282 02/01/2023 264.65 06/12/2022 Reference Books

Design & Developed by: PIET Central Library
R70 Miles Stone Pattikalyana Samalkha Panipat 132102
mail ID :- [email protected], Phone No:- 0180-2569700 Ex.216